| 000 | 00945nam0a22002651 4500 | ||
|---|---|---|---|
| 001 | rc\2780728 | ||
| 005 | 20250806204446.0 | ||
| 035 | _a(NLR Aleph) 006906964 | ||
| 090 |
_a19396 _c19396 |
||
| 100 | _a20110915d1942 u y0rusy50 ca | ||
| 101 | 0 | _arus | |
| 102 | _aRU | ||
| 105 | _ay z |||a| | ||
| 200 | 1 |
_aНеизвестный матрос _e[Пьеса в 1 д.] _fАлександр Гладков |
|
| 210 |
_aМосква _cВсес. упр. по охране авт. прав _d1942 |
||
| 215 |
_a8 с. _d19 см. |
||
| 300 | _aСтеклогр. изд. | ||
| 700 | 1 |
_aГладков _bА. К. _cдраматург, сценарист _f1912-1976 _gАлександр Константинович _3RU\NLR\AUTH\7797321 |
|
| 801 | 0 |
_aRU _bNLR _gpsbo |
|
| 801 | 1 |
_aRU _bELAR _2rusmarc |
|
| 852 |
_aNLR _jЛ30 Г-4/206 |
||
| 942 | _cBOOK | ||
| 945 | _aРоссийская национальная библиотека | ||
| 980 | _aNB | ||
| 980 | _aBV | ||